Problémy vybraných odvetví SR a niektorej z krajín V 4 diplomová práca

Saved in:
Bibliographic Details
Main Author: Káli, Karina
Corporate Author: Podnikovohospodárska fakulta EU so sídlom v Košiciach. Katedra ekonómie
Other Authors: Pétrová, Rozália
Format: Book
Language:Slovak
Published: Košice 2016
Tags: Add Tag
No Tags, Be the first to tag this record!

MARC

LEADER 00000nbm a2200000 4500
001 0217531
005 20240827092910.7
041 0 |a slo 
044 |a SK 
245 1 0 |a Problémy vybraných odvetví SR a niektorej z krajín V 4  |b diplomová práca  |c Karina Káli ; školiteľ: Rozália Pétrová 
264 1 |a Košice  |c 2016 
300 |a 79 s. 
100 1 |a Káli, Karina 
700 1 |a Pétrová, Rozália 
710 2 |a Podnikovohospodárska fakulta EU so sídlom v Košiciach. Katedra ekonómie